| 000 | 01270nam a2200385 c 4500 | ||
|---|---|---|---|
| 999 |
_c346843 _d346843 |
||
| 003 | BLK | ||
| 005 | 20250104121526.0 | ||
| 008 | 180408b bul|||||r ||||||| ||bul|| | ||
| 010 | _aKNG00085324000 | ||
| 020 | _a9786197455250 | ||
| 040 | _aBLK | ||
| 041 |
_aBUL _cBUL |
||
| 080 |
_aФинландска литература _b821.511.111 _x-93-31 _z821.511.111-93-31 |
||
| 100 | 1 |
_aЯнсон, Туве _eпърви автор _9365645 |
|
| 139 |
_aЯнсон, Туве _bЯ 67 |
||
| 245 | 1 | 0 |
_aМумин и първият сняг _cТуве Янсон; прев. Милена Милева - Фено; ил. Туве Янсон. |
| 257 | _aFIN | ||
| 260 |
_bTimelines _c2019 _9392712 |
||
| 300 |
_a26 с. _bс ил. _c27 см |
||
| 380 | _aDX | ||
| 653 | _aромани | ||
| 653 | _aлитература за деца | ||
| 653 | _aдетска литература | ||
| 700 |
_aМилева-Фено, Милена Маринова _eпрев. _9401109 |
||
| 852 |
_bД _cДХ 820/899/Я 67 |
||
| 856 | 4 | _qpdf | |
| 856 | 4 | _qpdf | |
| 942 |
_cKNG _n0 _076 _s1 |
||
| 944 |
_aCR _c2019-12-03 _lСевдалина Тодорова _k30540 |
||
| 944 |
_aED _c2019-12-03 _l2019-12-03 |
||
| 999 | _d346843 | ||
| 999 | _d346842 | ||
| 999 | _d346842 | ||
| 999 | _d80832 | ||